Chansons de Jacques Brel - Statistiques

Statistiques générales
  • Ce quiz a été pris 378 fois
  • Le résultat moyen est 23 sur 170
Statistiques - réponses
Titre de la chanson % Correct
Amsterdam
85%
Ne me quitte pas
79%
Vesoul
66%
Mathilde
65%
Les bourgeois
63%
Les vieux
63%
La valse à mille temps
60%
Les bonbons
60%
Ces gens-là
58%
Le plat pays
58%
Madeleine
54%
La chanson des vieux amants
53%
Quand on n'a que l'amour
49%
Jef
48%
Bruxelles
47%
Les flamandes
45%
Les marquises
41%
Au suivant
39%
Orly
37%
Marieke
35%
Les remparts de Varsovie
33%
Rosa
33%
Le moribond
32%
La quête
31%
La chanson de Jacky
30%
La Fanette
27%
Grand Jacques
26%
Jojo
26%
Le dernier repas
21%
Voir
21%
Fernand
20%
Le diable
20%
Voir un ami pleurer
19%
La bière
18%
Isabelle
17%
J'arrive
17%
La ville s'endormait
16%
Les bigotes
16%
Les bonbons 67
16%
L'ivrogne
16%
Une île
16%
Jaurès
15%
Je suis un soir d'été
14%
Les biches
14%
Zangra
14%
Au printemps
13%
Les prénoms de Paris
13%
Le gaz
12%
Les singes
12%
Mon enfance
12%
Il neige sur Liège
11%
Sur la place
11%
Fils de...
10%
Il pleut
10%
Je ne sais pas
10%
Les paumés du petit matin
10%
L'homme de la Mancha
10%
On n'oublie rien
10%
A jeun
9%
Il nous faut regarder
9%
Je t'aime
9%
La cathédrale
9%
L'amour est mort
9%
Regarde bien petit
9%
Vieillir
9%
Knokke-le-Zoute tango
8%
Le lion
8%
L'enfance
8%
Les fenêtres
8%
Tango funèbre
8%
Comment tuer l'amant de sa femme quand on a été comme moi élevé dans les traditions
7%
Grand-mère
7%
La Bastille
7%
La foire
7%
L'air de la bêtise
7%
La, la, la
7%
La mort
7%
La statue
7%
L'aventure
7%
Le bon Dieu
7%
Le cheval
7%
Mon père disait
7%
Seul
7%
Demain l'on se marie
6%
Dites, si c'était vrai
6%
Il peut pleuvoir
6%
Il y a
6%
La haine
6%
L'éclusier
6%
Les bergers
6%
Les coeurs tendres
6%
Les pieds dans le ruisseau
6%
Les toros
6%
Mai 40
6%
Pourquoi faut-il que les hommes s'ennuient
6%
Avec élégance
5%
C'est comme ça
5%
Clara
5%
J'en appelle
5%
La bourrée du célibataire
5%
La lumière jaillira
5%
La tendresse
5%
Le colonel
5%
Le fou du roi
5%
Le prochain amour
5%
Les blés
5%
Les désespérés
5%
Les flamingants
5%
Les gens
5%
Les timides
5%
L'homme dans la cité
5%
Pardons
5%
Qu'avons-nous fait bonnes gens
5%
Saint-Pierre
5%
Titine
5%
Un enfant
5%
Voici
5%
A deux
4%
Heureux
4%
La colombe
4%
L'âge idiot
4%
Mijn vlakke land
4%
Chanson sans paroles
3%
Dulcinéa
3%
J'aimais
3%
La dame patronnesse
3%
La parlote
3%
Les amants de coeur
3%
Les filles et les chiens
3%
Les jardins du casino
3%
Litanies pour un retour
3%
L'ostendaise
3%
Prière païenne
3%
Quand maman reviendra
3%
Sans exigences
3%
S'il te faut
3%
Ballade
2%
Casse-pompon
2%
De apen
2%
De burgerij
2%
Départs
2%
Dors ma mie
2%
Laat me niet alleen
2%
La chanson de Van Horst
2%
L'ange déchu
2%
Le pendu
2%
Les deux fauteuils
2%
Les enfants du roi
2%
Les pavés
2%
L'orage
2%
Si tu revenais
2%
Vivre debout
2%
Aldonza
1%
Ce qu'il nous faut
1%
Chacun sa Dulcinéa
1%
De nuttelozen van de nacht
1%
Gloria
1%
Je suis bien
1%
Je suis l'ombre des chansons
1%
L'accordéon de la vie
1%
Le troubadour
1%
Place de la Contrescarpe
1%
Pourquoi fait-il toutes ces choses
1%
Sans amour
1%
Un animal
1%
Vieille
1%
Vraiment je ne pense qu'à lui
1%
Le casque d'or de Mambrino
0%
Le chevalier aux miroirs
0%
Men vergeets niets
0%
Aucun quiz correspondant
Distribution des résultats
% des personnes avec chaque résultat
Percentile par nombre de réponses
Votre historique - résultats
Vous n’avez pas pris ce quiz